Sporting Kansas City current squad - Statistics

General Stats
  • This quiz has been taken 12 times
  • The average score is 14 of 27
Answer Stats
Number Player % Correct
9 Alan Pulido
100%
7 Johnny Russell
100%
29 Tim Melia
100%
20 Daniel Salloi
86%
28 Cameron Duke
71%
8 Graham Zusi
71%
17 Jake Davis
71%
1 John Pulskamp
71%
11 Khiry Shelton
71%
54 Rémi Walter
71%
15 Roger Espinoza
71%
18 Logan Ndenbe
57%
3 Andreu Fontas
43%
21 Felipe Hernandez
43%
10 Gadi Kinda
43%
48 Kaveh Rad
43%
24 Kayden Pierre
43%
22 Kendall McIntosh
43%
12 Kortne Thompson-Ford
43%
2 Ben Sweat
29%
5 Nicolas Isimat-Mirin
29%
32 Jose Mauri
14%
27 Marinos Tzionis
14%
25 Oliver Cisneros
14%
4 Robert Voloder
14%
6 Uri Rosell
14%
19 Nikola Vujnovic
0%
No matching quizzes found
Score Distribution
Percent of People with Each Score
Percentile by Number Answered
Your Score History
You have not taken this quiz